000 00428nam a2200169Ia 4500
008 180921t2016 xxu||||| |||| 00| 0 sin d
041 _asin
080 _a954.3
_bBEA
100 _aBeakar, Seamuwel
245 _aලංකාවේ අට වසරක්
246 _aLankawe Ata Wasarak
260 _bGodage
_aColombo
_c2016
300 _b335p, 23cm
942 _cBK
999 _c789
_d789
003 LK-CoDNM
040 _aLK-CoDNM
_dLK-CoDNM
_eLK-CoDNM